[Event "SVK-ch U10"]
[Site "Liptovsky Mikulas"]
[Date "2016.04.19"]
[Round "5"]
[White "Gyuricsek, Akos"]
[Black "Rakovsky, Jakub"]
[Result "0-1"]
[WhiteElo "1189"]
[BlackElo "1000"]
[PlyCount "118"]
[EventDate "2016.04.16"]
[EventType "swiss"]
[EventRounds "9"]
[EventCountry "SVK"]
[SourceTitle "CBM 172 Extra"]
[Source "ChessBase"]
[SourceDate "2016.06.21"]
[SourceVersion "1"]
[SourceVersionDate "2016.06.21"]
[SourceQuality "1"]

1. e4 e5 2. Nf3 Nc6 3. Bc4 Bc5 4. Nc3 Nf6 5. 0-0 0-0 6. d4 exd4 7. Nxd4 Bxd4 8. e5 Bxe5 9. Re1 d6 10. Qf3 Bg4 11. Qd3 Nb4 12. Qd2 Bf5 13. Qg5 Nxc2 14. Rf1 Nxa1 15. Qxf5 Qd7 16. Qg5 Qg4 17. Bd3 Qxg5 18. Bxg5 Bxc3 19. bxc3 Nd5 20. Rxa1 Nxc3 21. Bd2 Nd5 22. Be4 c6 23. Bd3 Nf6 24. Rb1 b5 25. Be2 Ne4 26. Bb4 a5 27. Ba3 Nc3 28. Rb2 Nxe2+ 29. Rxe2 c5 30. Bc1 Rfe8 31. Rxe8+ Rxe8 32. Bd2 a4 33. h3 Re2 34. Bf4 d5 35. Bd6 c4 36. a3 c3 37. Bf4 Ra2 38. Bd6 c2 39. Bf4 c1Q+ 40. Bxc1 Ra1 41. Kf1 Rxc1+ 42. Ke2 Ra1 43. Kd2 Rxa3 44. Kc2 b4 45. Kb2 d4 46. f4 d3 47. g4 d2 48. Kc2 Ra2+ 49. Kd1 b3 50. f5 Rc2 51. f6 a3 52. g5 a2 53. g6 a1Q+ 54. Ke2 d1Q+ 55. Ke3 Re2+ 56. Kf4 Qf1+ 57. Kg4 Rg2+ 58. Kh4 Qd4+ 59. Kh5 Qf5# 0-1

[Event "SVK-ch U10"]
[Site "Liptovsky Mikulas"]
[Date "2016.04.18"]
[Round "3"]
[White "Zverka, Peter Samuel"]
[Black "Gyuricsek, Akos"]
[Result "1-0"]
[WhiteElo "1000"]
[BlackElo "1189"]
[PlyCount "55"]
[EventDate "2016.04.16"]
[EventType "swiss"]
[EventRounds "9"]
[EventCountry "SVK"]
[SourceTitle "CBM 172 Extra"]
[Source "ChessBase"]
[SourceDate "2016.06.21"]
[SourceVersion "1"]
[SourceVersionDate "2016.06.21"]
[SourceQuality "1"]

1. e4 e5 2. Nf3 Nc6 3. Bc4 Nd4 4. c3 Nc6 5. 0-0 Nf6 6. d3 Bc5 7. d4 Na5 8. Bd3 Bb6 9. Bg5 h6 10. Bh4 exd4 11. Nxd4 d5 12. e5 Bg4 13. Bxf6 gxf6 14. Qxg4 Qe7 15. exf6 Qe5 16. Qe2 Bxd4 17. cxd4 Qxe2 18. Bxe2 0-0-0 19. Nc3 Rhg8 20. Bf3 Nc6 21. Rae1 Nxd4 22. Bxd5 Kb8 23. Re4 Nf3+ 24. Kh1 Nd2 25. Bxf7 Nxf1 26. Bxg8 Rxg8 27. f7 Rf8 28. Re8+ 1-0

[Event "SVK-ch U10"]
[Site "Liptovsky Mikulas"]
[Date "2016.04.17"]
[Round "2"]
[White "Gyuricsek, Akos"]
[Black "Minarik, Martin"]
[Result "1-0"]
[WhiteElo "1189"]
[BlackElo "1000"]
[PlyCount "51"]
[EventDate "2016.04.16"]
[EventType "swiss"]
[EventRounds "9"]
[EventCountry "SVK"]
[SourceTitle "CBM 172 Extra"]
[Source "ChessBase"]
[SourceDate "2016.06.21"]
[SourceVersion "1"]
[SourceVersionDate "2016.06.21"]
[SourceQuality "1"]

1. e4 e5 2. Nf3 Nc6 3. Nc3 d6 4. Bc4 Nf6 5. d4 exd4 6. Nxd4 Nxd4 7. Qxd4 c5 8. Qd3 b5 9. Bxb5+ Bd7 10. Bc4 Be6 11. Nd5 Qa5+ 12. c3 Rb8 13. 0-0 h6 14. Rb1 Ng4 15. b4 cxb4 16. cxb4 Qxa2 17. Bxa2 Ne5 18. Qd4 h5 19. Qxa7 Rc8 20. Nc7+ Kd8 21. Bg5+ f6 22. Nxe6+ Ke8 23. Rbc1 Rxc1 24. Rxc1 Nf7 25. Rc8+ Nd8 26. Rxd8# 1-0

[Event "SVK-ch U10"]
[Site "Tatralandia"]
[Date "2015.04.19"]
[Round "2"]
[White "Bidulsky, Matej"]
[Black "Gyuricsek, Akos"]
[Result "1-0"]
[WhiteElo "1171"]
[BlackElo "1000"]
[PlyCount "117"]
[EventDate "2015.04.18"]
[EventType "swiss"]
[EventRounds "9"]
[EventCountry "SVK"]
[SourceTitle "CBM 166 Extra"]
[Source "ChessBase"]
[SourceDate "2015.06.18"]
[SourceVersion "1"]
[SourceVersionDate "2015.06.18"]
[SourceQuality "1"]

1. g3 d5 2. Bg2 Nf6 3. b3 e6 4. Bb2 Nc6 5. e3 e5 6. Ne2 Bd6 7. 0-0 0-0 8. d4 e4 9. c4 dxc4 10. bxc4 Bf5 11. c5 Be7 12. Qb3 Qd7 13. Qxb7 Nd5 14. Qb3 Rab8 15. Qc2 Nf6 16. Nf4 Rfe8 17. Nc3 Bd8 18. Qd2 Na5 19. Bc1 Nc4 20. Qe2 Na5 21. Qa6 c6 22. Qe2 Bg4 23. Qc2 h6 24. Nxe4 Nxe4 25. Bxe4 Rxe4 26. Qxe4 Bf5 27. Qg2 Nc4 28. f3 Ba5 29. Qe2 Bc3 30. Qxc4 Bxa1 31. Ba3 Qb7 32. Rxa1 Bb1 33. Qc3 Bf5 34. Nh5 Bh3 35. d5 f6 36. d6 Qf7 37. Nf4 Bf5 38. e4 Bc8 39. Qc2 Qe8 40. Rb1 Rxb1+ 41. Qxb1 Qe5 42. Qb2 Qe8 43. Qb8 a6 44. Ng6 Qxg6 45. Qxc8+ Kh7 46. Qf5 a5 47. Qxg6+ Kxg6 48. d7 a4 49. d8Q h5 50. Qe8+ Kh6 51. Qxc6 Kg6 52. Qe6 h4 53. Qg4+ Kh6 54. Qxh4+ Kg6 55. c6 Kf7 56. c7 Ke6 57. c8Q+ Kf7 58. Qh5+ g6 59. Qh7# 1-0